| 000 -CABECERA |
| Longitud fija campo de control |
01031nas a2200313 a 4500 |
| 001 - NÚMERO DE CONTROL |
| Número de control |
991028595929706706 |
| 003 - IDENTIFICADOR DEL NÚMERO DE CONTROL |
| Identificador del número de control |
OSt |
| 005 - FECHA Y HORA DE LA ÚLTIMA TRANSACCIÓN |
| Fecha y hora de la última transacción |
20211217130653.0 |
| 008 - CÓDIGOS DE INFORMACIÓN DE LONGITUD FIJA |
| Códigos de información de longitud fija |
041025c19999999sp || ||| ||| 0 ||spa|c |
| 020 ## - NÚMERO INTERNACIONAL NORMALIZADO PARA LIBROS |
| Número Internacional Normalizado para Libros (ISBN) |
8492275944 |
| 035 ## - NÚMERO DE CONTROL DEL SISTEMA |
| Número de control del sistema |
(ES-BaCBU).b32264392 |
| 035 ## - NÚMERO DE CONTROL DEL SISTEMA |
| Número de control del sistema |
(OCoLC)803212085 |
| 040 ## - FUENTE DE LA CATALOGACIÓN |
| Centro catalogador de origen |
ES-BaCBU |
| Lengua de catalogación |
cat |
| Centro transcriptor |
CDMR |
| 080 ## - NÚMERO DE LA CLASIFICACIÓN DECIMAL UNIVERSAL |
| Número de la Clasificación Decimal Universal |
070.4(05) |
| 245 00 - MENCIÓN DE TÍTULO |
| Título |
Innovaciones en periódicos : |
| Resto del título |
informe mundial 2000 |
| Mención de responsabilidad, etc. |
/ [Editores: Juan Antonio Giner, Barry Sussman] |
| 260 ## - PUBLICACIÓN, DISTRIBUCIÓN, ETC. (PIE DE IMPRENTA) |
| Lugar de publicación, distribución, etc. |
Pamplona : |
| Nombre del editor, distribuidor, etc. |
Innovation, |
| Fecha de publicación, distribución, etc. |
DL 2000 |
| 300 ## - DESCRIPCIÓN FÍSICA |
| Extensión |
67 pàgines |
| Otras características físicas |
: il.; |
| Dimensiones |
30 cm |
| 546 ## - NOTA DE LENGUA |
| Nota de lengua |
Es publica també en anglès |
| 650 04 - PUNTO DE ACCESO ADICIONAL DE MATERIA - TÉRMINO DE MATERIA |
| Término de materia o nombre geográfico como elemento inicial |
Diaris |
| Subdivisión de materia general |
Disseny |
| 650 07 - PUNTO DE ACCESO ADICIONAL DE MATERIA - TÉRMINO DE MATERIA |
| Término de materia o nombre geográfico como elemento inicial |
Diaris |
| Subdivisión de materia general |
Compaginació i composició |
| Fuente del encabezamiento o término |
lemac |
| 650 04 - PUNTO DE ACCESO ADICIONAL DE MATERIA - TÉRMINO DE MATERIA |
| Término de materia o nombre geográfico como elemento inicial |
Premsa |
| Subdivisión de materia general |
Innovacions tecnològiques |
| 700 1# - PUNTO DE ACCESO ADICIONAL - NOMBRE DE PERSONA |
| 9 (RLIN) |
1748 |
| Nombre de persona |
Giner, Juan Antonio |
| 700 ## - PUNTO DE ACCESO ADICIONAL - NOMBRE DE PERSONA |
| 9 (RLIN) |
4765 |
| Nombre de persona |
Sussman, Barry |
| 710 2# - PUNTO DE ACCESO ADICIONAL - NOMBRE DE ENTIDAD |
| Nombre de entidad o nombre de jurisdicción como elemento inicial |
Innovation International Media Consulting Group |
| 907 ## - ELEMENTO G DATOS LOCALES, GDL (RLIN) |
| a |
.b32264392 |
| b |
11-02-21 |
| c |
09-05-08 |
| d |
25-10-04 |
| e |
s |
| f |
b |
| g |
- |
| h |
spa |
| i |
sp |
| j |
0 |
| k |
2 |
| 908 ## - CONTROL DE PARÁMETROS (RLIN) |
| Parametro de comando lanzado |
UAB |
| -- |
UPF |
| 940 ## - |
| T&íacute;tulo uniforme |
<a href="UAB">UAB</a> |
| 942 ## - ENTRADA DE ELEMENTOS AGREGADOS (KOHA) |
| Fuente de clasificaión o esquema |
|
| Koha [por defecto] tipo de item |
Monografies |